KOHA-Header-6

Business and Society (Record no. 10022)

000 -LEADER
fixed length control field 00252nam a2200109Ia 4500
100 ## - MAIN ENTRY--AUTHOR NAME
Personal name James E. Post
245 #0 - TITLE STATEMENT
Title Business and Society
260 ## - PUBLICATION, DISTRIBUTION, ETC. (IMPRINT)
Place of publication India
Name of publisher Oxford
Year of publication 2001
300 ## - PHYSICAL DESCRIPTION
Number of Pages 664
942 ## - ADDED ENTRY ELEMENTS (KOHA)
Koha item type Books
Holdings
Withdrawn status Lost status Collection code Permanent Location Current Location Shelving location Date acquired Full call number Accession Number Koha item type
    Business MAJU MAJU   2019-09-14 658.049 6102 Business

Powered by Koha